000 00780cam a22002653a 4500
001 12816
003 PGUSA
005 20140828083258.0
008 040704s2004||||xxu|||||s|||||000 1 eng d
040 _aPGUSA
_beng
042 _adc
050 4 _aPQ
100 1 _aSand, George,
_d1804-1876
245 1 4 _aThe Devil's Pool
_h[electronic resource] /
_cGeorge Sand
260 _bProject Gutenberg,
_c2004
500 _aSee also PG#21993 tr. by J.M. and E. Sedgwick
506 _aPublic domain in the USA.
516 _aElectronic text
653 _aPastoral fiction, French
700 1 _aIves, George Burnham,
_d1856-1930
700 1 _aRudaux, Edmond Adolphe,
_d1840-
830 0 _aProject Gutenberg
_v12816
856 4 0 _uhttp://www.gutenberg.org/ebooks/12816
942 _cEB
999 _c242071
_d242071